000 00833nam a2200265 i 4500
001 bg
245 0 0 _aLinux kernel - jądro systemu /
_cM. Beck [et al.] ; przekł. z jęz. ang. Radosław Wroński.
246 _iTyt. oryg.:
_aLinux kernel internals
250 _aWyd. 2.
260 _aWarszawa :
_b"Mikom",
_c2000.
300 _a478 s. ;
_c24 cm.
500 _aTyt. tł.: "Linux kernel internals" 1999, oryg. niem.: [Linux-Kernel-Programmierung].
504 _aBibliogr. - Indeks.
650 9 _aLinux
655 _aPodręczniki
700 1 _aBeck, Michael.
020 _a8372790744
040 _cBPK
041 1 _apl
_hdeen
080 _a004.451(07)
920 _a83-7279-074-4
942 _cKS
008 s pl f |000 0 pol
999 _c39808
_d39808
856 _uhttp://koha.tu.koszalin.pl/cgi-bin/koha/opac-detail.pl?biblionumber=39808
_yKatalog online BPK